Countries with more sheep than people - Statistics

General Stats
  • This quiz has been taken 21 times
  • The average score is 2 of 8
Answers on the Grid
Answers color-coded by a green-red scale on the quiz's grid according to % correct below.
Mauritania
Iceland
Ireland
Namibia
Uruguay
Mongolia
Australia
New Zealand
Denmark
Paraguay
Argentina
Italy
Moldova
China
Pakistan
Jordan
Lebanon
Greece
Indonesia
Nepal
 
Answer Stats
Answer % Correct
New Zealand
81%
Ireland
38%
Australia
31%
Mongolia
31%
Uruguay
25%
Iceland
13%
Namibia
6%
Mauritania
0%
No matching quizzes found
Score Distribution
Percent of People with Each Score
Percentile by Number Answered
Your Score History
You have not taken this quiz